Najlepsi strzelcy Brazylii na MŚ w piłce nożnej. - Statystyki

Ogólne statystyki
  • Ten quiz został rozwiązany 76 razy
  • Średni wynik to 7 z 16
Statystyki odpowiedzi
Gole Udział w MŚ Odpowiedź % Poprawnych
15 1994-2006 Ronaldo
96%
12 1958-1970 Pele
94%
8 2014-2022 Neymar
90%
8 1998-2002 Rivaldo
72%
5 1990-1994 Romario
59%
5 1958-1966 Garrincha
51%
4 1982-1986 Socrates
48%
5 1978-1986 Zico
45%
6 1990-1998 Bebeto
25%
8 1934-1938 Leonidas
23%
9 1966-1974 Jairzinho
22%
9 1958-1962 Vava
17%
8 1950 Ademir
14%
6 1970-1978 Rivelino
13%
7 1986-1990 Careca
4%
4 1950 Chico
3%
Nie znaleziono quizów pasujących do podanych kryteriów
Rozkład punktacji
Procent ludzi z każdym wynikiem
Percentyl według liczby udzielonych odpowiedzi
Twoja historia wyników
Nie rozwiązałeś tego quizu